000 00827nam a2200241Ia 4500
003 OSt
005 20220923213723.0
006 a|||||r|||| 00| 0
007 ta
008 220922b |||||||| |||| 00| 0 hin d
024 _a164,199
037 _cTextual
040 _aARTS
_cARTS
_bhin
041 _2hin
_ahin
082 _aO152,1M89,18:g, K6
100 _aभारती, सुशीला
_9156318
245 0 _aकामयनी इतिहास और रूपक, हैदराबाद, मिलिन्द प्र
246 _aKāmayanī itihās aur rūpaka, haidarābāda, milinda pra
260 _c1966
650 _aहिन्दी साहित्य
_9156264
942 _hO152,1M89,18:g, K6
_cTEXL
_2CC
999 _c318679
_d318679